Παπαρρηγόπουλος Δ. - Βασιλειάδης Σ.

Αποθηκεύτηκε σε:
Λεπτομέρειες βιβλιογραφικής εγγραφής
Άλλοι συγγραφείς: Χατζίνης, Γιάννης 1900-1975 (Επιμελητής έκδοσης)
Μορφή: Βιβλίο
Γλώσσα:Greek
Δημοσίευση: Αθήνα : Αετός, 1954.
Σειρά:Βασική βιβλιοθήκη (Αετός) ; 13
Θέματα:
Ετικέτες: Προσθήκη ετικέτας
Δεν υπάρχουν, Καταχωρήστε ετικέτα πρώτοι!

MARC

LEADER 00000cam a2200000 i 4500
001 1/34575
008 960910s1954 gr || ||| | gre |
035 |l 10024140 
040 |a GR-MY-UA  |b gre  |e aacr 
041 0 |a gre 
082 7 |a 889.1   |2 (22) 
245 1 0 |a Παπαρρηγόπουλος Δ. - Βασιλειάδης Σ. /   |c επιμέλεια: Γιάννη Χατζίνη.  
260 |a Αθήνα :   |b Αετός,   |c 1954.  
300 |a 346 σ. ;   |c 25 εκ.  
490 1 |a (Βασική βιβλιοθήκη / Αετός ;   |v  13) 
600 1 0 |a Παπαρρηγόπουλος, Δημήτριος,   |d 1843-1873. 
600 1 4 |a Βασιλειάδης, Σπυρίδων Ν.,   |d 1845-1874. 
650 0 0 |a Greek literature. 
700 1 |a Χατζίνης, Γιάννης  |d 1900-1975,  |e edt 
830 0 |a Βασική βιβλιοθήκη (Αετός)  |v  ; 13  
852 |a INST  |b CHIOS  |e 19960910  |h 889.1 ΠΑΠ  |p 005200011987  |q 005200011987  |t BK  |y 0 
852 |a INST  |b RHODES  |c AKA  |e 20190607  |h 889.1 ΠΑΠ  |p 005400032114  |q 005400032114  |t BK  |y 0 
909 |a Χ  |b 047201 
970 |z 10/09/1996